Representacion del vecindario de Mascota al Soberano Congreso de la Nacion, contra el articulo 15 del proyecto de Constitucion

Detalles Bibliográficos
Formato: Libro
Lenguaje:Spanish
Publicado: Guadalajara : tipografia de Rodriguez, 1856.
Materias:
Colección:Banco de datos
Acervo:Seminario Conciliar de Nuestra Señora de Guadalupe Querétaro. Qro.. Biblioteca Florencio Rosas. Fondo Histórico
Descripción Física:17 p. ; 21 cm.
Tema general:Libertad de culto
Notas:Texto con signaturas
LEADER 00629nam a22001690004500
035 |a 294 
041 0 |a spa 
245 1 0 |a Representacion del vecindario de Mascota al Soberano Congreso de la Nacion, contra el articulo 15 del proyecto de Constitucion  
260 |a Guadalajara : tipografia de Rodriguez, 1856.  
300 |a 17 p. ; 21 cm.  
500 |a Texto con signaturas 
501 |a 34 obras 
650 1 0 |a Libertad de culto  
949 |a Fondo Histórico: 532-E 
942 |c Q.R.H.T 
943 |g Seminario Conciliar de Nuestra Señora de Guadalupe Querétaro. Qro.. Biblioteca Florencio Rosas. Fondo Histórico 
999 |c 1081749  |d 1081749